|
|
|
|
| LEADER |
00000nam0a2200000 4500 |
| 001 |
377287 |
| 005 |
20231102012911.0 |
| 035 |
|
|
|a (RuTPU)RU\TPU\retro\34736
|
| 090 |
|
|
|a 377287
|
| 100 |
|
|
|a 20230216d1978 k y0rusy50 ca
|
| 101 |
0 |
|
|a rus
|
| 102 |
|
|
|a RU
|
| 105 |
|
|
|a a z 001zy
|
| 200 |
1 |
|
|a Определение геометрического строения свободных молекул
|f Л. В. Вилков, В. С. Мастрюков, Н. И. Садова
|
| 210 |
|
|
|a Ленинград
|c Химия
|d 1978
|
| 215 |
|
|
|a 224 с.
|c ил.
|
| 225 |
1 |
|
|a Физические методы исследования органических соединений
|
| 320 |
|
|
|a Библиогр.: с. 212-221
|
| 606 |
1 |
|
|a Молекулы
|x Строение
|x (физика)
|2 stltpush
|3 (RuTPU)RU\TPU\subj\44273
|9 63633
|
| 610 |
1 |
|
|a молекулярные параметры
|
| 610 |
1 |
|
|a органические соединения
|
| 610 |
1 |
|
|a электронография
|
| 610 |
1 |
|
|a спектроскопические методы
|
| 610 |
1 |
|
|a углеводороды
|
| 675 |
|
|
|a 539.19
|v 4
|
| 700 |
|
1 |
|a Вилков
|b Л. В.
|g Лев Васильевич
|
| 701 |
|
1 |
|a Мастрюков
|b В. С.
|g Владимир Саидович
|
| 701 |
|
1 |
|a Садова
|b Н. И.
|g Нина Ивановна
|
| 801 |
|
1 |
|a RU
|b 63413507
|c 20230216
|
| 942 |
|
|
|c BK
|